[Event "Titled Tuesday 2024.10.22 Late"]
[Site "chess.com INT"]
[Date "2024.10.22"]
[Round "1"]
[White "Mendes, Aaron Reeve"]
[Black "Cahuapaza Tarapaca, Leonardo"]
[Result "1/2-1/2"]
[WhiteElo "2320"]
[BlackElo "2086"]
[PlyCount "89"]
[GameId "2129405225173610"]
[EventDate "2024.10.22"]
[EventType "swiss (blitz)"]
[EventRounds "11"]
[EventCountry "NET"]
[SourceTitle "The Week in Chess 1564"]
[Source "Mark Crowther"]
[SourceDate "2024.10.28"]
[SourceVersion "1"]
[SourceVersionDate "2024.10.28"]
[SourceQuality "2"]

1. e4 c5 2. Nf3 d6 3. d4 cxd4 4. Nxd4 Nf6 5. Nc3 Nc6 6. f3 e5 7. Nb3 Be6 8. Be3 d5 9. exd5 Nxd5 10. Nxd5 Qxd5 11. Qxd5 Bxd5 12. O-O-O O-O-O 13. Be2 f6 14. Kb1 Be7 15. Rd2 Bf7 16. Rhd1 Rxd2 17. Rxd2 Rd8 18. Rxd8+ Bxd8 19. f4 Bc7 20. fxe5 Bxe5 21. g3 a6 22. Bf3 Kc7 23. c3 h5 24. Nd2 b5 25. a3 g5 26. Kc2 Ne7 27. Bf2 Nf5 28. b3 h4 29. g4 Ng7 30. h3 Ne6 31. Be3 Bf4 32. Bf2 Bxd2 33. Kxd2 Nf4 34. Bd4 Nxh3 35. Bxf6 Bxb3 36. Bg2 Nf4 37. Bf1 Ne6 38. Be5+ Kc6 39. Ke3 Bd5 40. Bh2 Kc5 41. Be5 Nf8 42. Bf6 Ne6 43. Be5 Bc4 44. Bg2 Bd5 45. Bf1 1/2-1/2

[Event "Titled Tuesday 2024.10.22 Late"]
[Site "chess.com INT"]
[Date "2024.10.22"]
[Round "2"]
[White "Estrada Nieto, J."]
[Black "Mendes, Aaron Reeve"]
[Result "0-1"]
[WhiteElo "2192"]
[BlackElo "2320"]
[PlyCount "68"]
[GameId "2129405225173820"]
[EventDate "2024.10.22"]
[EventType "swiss (blitz)"]
[EventRounds "11"]
[EventCountry "NET"]
[SourceTitle "The Week in Chess 1564"]
[Source "Mark Crowther"]
[SourceDate "2024.10.28"]
[SourceVersion "1"]
[SourceVersionDate "2024.10.28"]
[SourceQuality "2"]

1. e4 c5 2. Nf3 d6 3. Bb5+ Bd7 4. Bxd7+ Qxd7 5. O-O Nc6 6. Qe2 Nf6 7. c3 e6 8. d4 cxd4 9. cxd4 d5 10. e5 Ne4 11. Nbd2 Nxd2 12. Bxd2 Be7 13. g3 O-O 14. h4 Rfc8 15. Kg2 Bd8 16. Qd3 Ne7 17. Ng5 Nf5 18. h5 Rc4 19. Nf3 Rac8 20. g4 Ne7 21. Ng5 g6 22. hxg6 Nxg6 23. Rh1 Bxg5 24. Bxg5 Qa4 25. Rad1 Qc2 26. Qf3 Qe4 27. Qxe4 dxe4 28. Rhe1 Rc2 29. Rd2 Nh4+ 30. Bxh4 Rxd2 31. Rxe4 Rxb2 32. d5 exd5 33. Rd4 Rb5 34. Bf6 Rc4 0-1

[Event "Titled Tuesday 2024.10.22 Late"]
[Site "chess.com INT"]
[Date "2024.10.22"]
[Round "3"]
[White "Mendes, Aaron Reeve"]
[Black "Huseynova, Lala"]
[Result "0-1"]
[WhiteElo "2320"]
[BlackElo "2021"]
[PlyCount "72"]
[GameId "2129405225174119"]
[EventDate "2024.10.22"]
[EventType "swiss (blitz)"]
[EventRounds "11"]
[EventCountry "NET"]
[SourceTitle "The Week in Chess 1564"]
[Source "Mark Crowther"]
[SourceDate "2024.10.28"]
[SourceVersion "1"]
[SourceVersionDate "2024.10.28"]
[SourceQuality "2"]

1. e4 c5 2. Nf3 d6 3. d4 cxd4 4. Nxd4 Nf6 5. Nc3 a6 6. Be3 e5 7. Nb3 Be6 8. f3 h5 9. Qd2 Be7 10. O-O-O Nbd7 11. Kb1 b5 12. Be2 Nb6 13. h4 Rb8 14. Na5 b4 15. Nd5 Nbxd5 16. exd5 Bxd5 17. Nc4 Qc7 18. b3 Bxc4 19. Bxc4 d5 20. Bd3 d4 21. Bg5 Nd5 22. Rde1 Nc3+ 23. Ka1 Qa5 24. a4 f6 25. Bf4 Nxa4 26. bxa4 Qxa4+ 27. Kb1 b3 28. Bg6+ Kf8 29. cxb3 Qxb3+ 30. Ka1 exf4 31. Rxe7 Qa3+ 32. Qa2 Qxe7 33. Rc1 d3 34. Rc5 Qe1+ 35. Rc1 Qxc1+ 36. Qb1 Qxb1# 0-1

[Event "Titled Tuesday 2024.10.22 Late"]
[Site "chess.com INT"]
[Date "2024.10.22"]
[Round "4"]
[White "Mendes, Aaron Reeve"]
[Black "Holinka, Henning"]
[Result "1-0"]
[WhiteElo "2320"]
[BlackElo "2284"]
[PlyCount "187"]
[GameId "2129405225174377"]
[EventDate "2024.10.22"]
[EventType "swiss (blitz)"]
[EventRounds "11"]
[EventCountry "NET"]
[SourceTitle "The Week in Chess 1564"]
[Source "Mark Crowther"]
[SourceDate "2024.10.28"]
[SourceVersion "1"]
[SourceVersionDate "2024.10.28"]
[SourceQuality "2"]

1. e4 c5 2. Nf3 e6 3. b3 Nf6 4. e5 Nd5 5. Bb2 d6 6. exd6 Qxd6 7. g3 b6 8. Bg2 Bb7 9. O-O Nd7 10. d4 N5f6 11. Nbd2 cxd4 12. Nc4 Qc7 13. Nxd4 Bxg2 14. Kxg2 Be7 15. Qf3 O-O 16. Nb5 Qb8 17. a4 Nd5 18. Rad1 Bf6 19. Ba3 Nc5 20. Nbd6 Rd8 21. Bxc5 bxc5 22. Ne4 Be7 23. Rd3 Qc7 24. Rfd1 Nb4 25. R3d2 Rxd2 26. Rxd2 Rd8 27. Rxd8+ Bxd8 28. c3 Nd5 29. Ne3 Be7 30. Nxd5 exd5 31. Nd2 Qd7 32. c4 d4 33. Qd5 Qxd5+ 34. cxd5 f5 35. Nc4 Kf7 36. h3 g5 37. g4 fxg4 38. hxg4 Bf6 39. Kf3 Ke7 40. Ke4 h6 41. Kf5 Bh8 42. Kg6 d3 43. Kf5 Bc3 44. Ke4 d2 45. Ne3 Kd6 46. Kd3 Bb4 47. Kc4 a6 48. f3 Ke5 49. Nd1 Kd6 50. Nf2 Ba5 51. Nd1 Bb4 52. Ne3 Ke5 53. Kd3 Kd6 54. Ke2 Ke5 55. Kd1 Bc3 56. Kc2 Bd4 57. d6 Kxd6 58. Nf5+ Ke5 59. Kxd2 Bb2 60. Nxh6 Kf4 61. Ke2 Bd4 62. Nf5 Ke5 63. Kd3 Bg1 64. Ng3 Kf4 65. Ne2+ Kxf3 66. Nxg1+ Kg2 67. Ne2 Kf3 68. Kd2 Kxg4 69. Ke3 Kh3 70. Kf3 g4+ 71. Kf4 Kh4 72. Ng3 Kh3 73. Nf5 a5 74. Ng3 Kh4 75. Ne4 Kh3 76. Nf2+ Kg2 77. Nxg4 Kf1 78. Ne3+ Ke2 79. Ke4 c4 80. Nxc4 Kd1 81. Kd3 Kc1 82. Kc3 Kb1 83. Nxa5 Ka2 84. Nc4 Kb1 85. a5 Ka1 86. b4 Kb1 87. b5 Kc1 88. b6 Kd1 89. a6 Kc1 90. a7 Kb1 91. b7 Kc1 92. a8=Q Kd1 93. Qe8 Kc1 94. Qe1# 1-0

[Event "Titled Tuesday 2024.10.22 Late"]
[Site "chess.com INT"]
[Date "2024.10.22"]
[Round "5"]
[White "Yezhel, Valiantsin"]
[Black "Mendes, Aaron Reeve"]
[Result "1/2-1/2"]
[WhiteElo "2232"]
[BlackElo "2320"]
[PlyCount "95"]
[GameId "2129405225174439"]
[EventDate "2024.10.22"]
[EventType "swiss (blitz)"]
[EventRounds "11"]
[EventCountry "NET"]
[SourceTitle "The Week in Chess 1564"]
[Source "Mark Crowther"]
[SourceDate "2024.10.28"]
[SourceVersion "1"]
[SourceVersionDate "2024.10.28"]
[SourceQuality "2"]

1. d4 d5 2. Nf3 Nf6 3. g3 c5 4. Bg2 cxd4 5. O-O Nbd7 6. Qxd4 e6 7. c4 Bc5 8. Qh4 h6 9. cxd5 Nxd5 10. Qxd8+ Kxd8 11. e4 N5f6 12. Nc3 Ke7 13. h3 a6 14. e5 Nd5 15. Nxd5+ exd5 16. Rd1 b6 17. Rxd5 Bb7 18. Rd1 Rad8 19. Bd2 Bxf3 20. Bxf3 Nxe5 21. Kg2 Nxf3 22. Kxf3 Rd3+ 23. Be3 Rhd8 24. Rxd3 Rxd3 25. Ke2 Rd5 26. Bxc5+ Rxc5 27. Rd1 f5 28. f4 g5 29. Rd2 a5 30. Ke3 Rc4 31. b3 Re4+ 32. Kf3 a4 33. Rd5 axb3 34. axb3 Rb4 35. Rxf5 Rxb3+ 36. Kg4 gxf4 37. gxf4 Ke6 38. Rh5 b5 39. Rxh6+ Kd5 40. h4 b4 41. h5 Rb1 42. Rb6 Kc5 43. Rb8 Rg1+ 44. Kf5 Rh1 45. Kg5 Rg1+ 46. Kf5 Rh1 47. Kg4 Rg1+ 48. Kf5 1/2-1/2

[Event "Titled Tuesday 2024.10.22 Late"]
[Site "chess.com INT"]
[Date "2024.10.22"]
[Round "6"]
[White "Diao, Matthew Guo"]
[Black "Mendes, Aaron Reeve"]
[Result "0-1"]
[WhiteElo "2106"]
[BlackElo "2320"]
[PlyCount "60"]
[GameId "2129405225174625"]
[EventDate "2024.10.22"]
[EventType "swiss (blitz)"]
[EventRounds "11"]
[EventCountry "NET"]
[SourceTitle "The Week in Chess 1564"]
[Source "Mark Crowther"]
[SourceDate "2024.10.28"]
[SourceVersion "1"]
[SourceVersionDate "2024.10.28"]
[SourceQuality "2"]

1. Nf3 d5 2. d4 Nd7 3. c4 c6 4. e3 Ngf6 5. Nc3 a6 6. Qc2 e6 7. Bd3 dxc4 8. Bxc4 b5 9. Bd3 c5 10. a4 c4 11. Be2 Rb8 12. O-O Be7 13. e4 O-O 14. Bf4 Rb7 15. d5 b4 16. dxe6 fxe6 17. Nb1 c3 18. Bxa6 Rb6 19. Bc4 Nc5 20. Be3 Nfxe4 21. bxc3 b3 22. Qb2 Ba6 23. Nbd2 Nxd2 24. Nxd2 Bxc4 25. Nxc4 Rb8 26. a5 Qc7 27. g3 Nd3 28. Qd2 Qxc4 29. a6 Ne5 30. Kg2 Qc6+ 0-1

[Event "Titled Tuesday 2024.10.22 Late"]
[Site "chess.com INT"]
[Date "2024.10.22"]
[Round "7"]
[White "Mendes, Aaron Reeve"]
[Black "Badacsonyi, Frankie"]
[Result "1-0"]
[WhiteElo "2320"]
[BlackElo "2258"]
[PlyCount "67"]
[GameId "2129405225240335"]
[EventDate "2024.10.22"]
[EventType "swiss (blitz)"]
[EventRounds "11"]
[EventCountry "NET"]
[SourceTitle "The Week in Chess 1564"]
[Source "Mark Crowther"]
[SourceDate "2024.10.28"]
[SourceVersion "1"]
[SourceVersionDate "2024.10.28"]
[SourceQuality "2"]

1. e4 c6 2. Nf3 d5 3. Nc3 Bg4 4. h3 Bxf3 5. Qxf3 e6 6. d3 Nd7 7. Be2 Bb4 8. O-O Ngf6 9. g3 Bxc3 10. bxc3 dxe4 11. dxe4 O-O 12. Qe3 Qb6 13. Qxb6 axb6 14. f3 b5 15. Rd1 Ne5 16. f4 Nc4 17. Bd3 Rfd8 18. Re1 Nd7 19. Bxc4 bxc4 20. Be3 Ra3 21. Red1 Raa8 22. e5 Nf8 23. Bc5 Nd7 24. Be7 f6 25. Bxd8 Rxd8 26. Rd6 Kf7 27. Rad1 Ke7 28. Kg2 fxe5 29. fxe5 g5 30. g4 h6 31. Kg3 c5 32. h4 b5 33. hxg5 hxg5 34. a3 1-0

[Event "Titled Tuesday 2024.10.22 Late"]
[Site "chess.com INT"]
[Date "2024.10.22"]
[Round "8"]
[White "Svane, R."]
[Black "Mendes, Aaron Reeve"]
[Result "1-0"]
[WhiteElo "2629"]
[BlackElo "2320"]
[PlyCount "133"]
[GameId "2129405225240608"]
[EventDate "2024.10.22"]
[EventType "swiss (blitz)"]
[EventRounds "11"]
[EventCountry "NET"]
[SourceTitle "The Week in Chess 1564"]
[Source "Mark Crowther"]
[SourceDate "2024.10.28"]
[SourceVersion "1"]
[SourceVersionDate "2024.10.28"]
[SourceQuality "2"]

1. Nf3 d5 2. g3 Nd7 3. d4 Ngf6 4. Bg2 g6 5. O-O Bg7 6. a4 O-O 7. c4 c6 8. a5 dxc4 9. Nbd2 b5 10. axb6 Nxb6 11. Ne5 Bb7 12. Ndxc4 Nfd5 13. Na5 Qc7 14. Nxb7 Qxb7 15. e3 Rfd8 16. Nd3 Nd7 17. Qc2 Rdc8 18. Bd2 Qb6 19. Rfc1 Qb7 20. Ra5 e6 21. b4 Bf8 22. Rb1 Rcb8 23. h4 Bd6 24. h5 Bc7 25. Raa1 Bd8 26. e4 Nc7 27. Bf4 Be7 28. Rc1 Nb5 29. Be3 Rc8 30. e5 Nb6 31. Bxc6 Qb8 32. Qe2 Nd5 33. Bxd5 exd5 34. Qf3 Qb7 35. Nf4 Nc3 36. hxg6 hxg6 37. Kg2 Ne4 38. e6 Nf6 39. exf7+ Kxf7 40. Rh1 Rh8 41. Nd3 Kg7 42. Bf4 Ne4 43. Be5+ Bf6 44. Nc5 Qe7 45. Nxe4 dxe4 46. Bxf6+ Qxf6 47. Qxe4 Rhf8 48. Ra2 Qf7 49. Qe5+ Qf6 50. Ra6 Qxe5 51. dxe5 Rfe8 52. f4 Re7 53. Rha1 Rb7 54. Kf3 Rxb4 55. Rxa7+ Rxa7 56. Rxa7+ Kf8 57. Kg4 Rb3 58. Ra6 Kf7 59. Rd6 Re3 60. Kh4 Rf3 61. Rf6+ Kg7 62. g4 Re3 63. Kg5 Re4 64. Rxg6+ Kf7 65. Ra6 Ke7 66. Kf5 Kf7 67. Kxe4 1-0

[Event "Titled Tuesday 2024.10.22 Late"]
[Site "chess.com INT"]
[Date "2024.10.22"]
[Round "9"]
[White "Mendes, Aaron Reeve"]
[Black "Shubenkova, Veronika"]
[Result "1-0"]
[WhiteElo "2320"]
[BlackElo "2024"]
[PlyCount "103"]
[GameId "2129405225240734"]
[EventDate "2024.10.22"]
[EventType "swiss (blitz)"]
[EventRounds "11"]
[EventCountry "NET"]
[SourceTitle "The Week in Chess 1564"]
[Source "Mark Crowther"]
[SourceDate "2024.10.28"]
[SourceVersion "1"]
[SourceVersionDate "2024.10.28"]
[SourceQuality "2"]

1. e4 e6 2. Nf3 d5 3. Nc3 Nf6 4. e5 Nfd7 5. d4 c5 6. Ne2 cxd4 7. Nexd4 Nc6 8. Bf4 Qb6 9. c3 Bc5 10. Rb1 O-O 11. Bd3 Nxd4 12. cxd4 Bb4+ 13. Kf1 f5 14. h4 Be7 15. h5 Nb8 16. Rg1 Nc6 17. a3 a5 18. g4 Bd7 19. gxf5 exf5 20. Qe1 Nxd4 21. Qe3 Bc5 22. b4 axb4 23. axb4 Nxf3 24. bxc5 Qe6 25. Qxf3 Ra3 26. Qe2 Bc6 27. Bb5 d4 28. Bxc6 bxc6 29. Rb7 Ra1+ 30. Kg2 Qd5+ 31. Kh2 Rxg1 32. Kxg1 d3 33. Qd2 Ra8 34. Rb1 Qf3 35. Qe3 Qg4+ 36. Qg3 Qxh5 37. Qxd3 h6 38. Qg3 Kh7 39. Kg2 Qf7 40. Qf3 Qg6+ 41. Qg3 Qf7 42. Rh1 Ra2 43. Qf3 Qg6+ 44. Kh2 Qe6 45. Rg1 Qd5 46. Qxd5 cxd5 47. Be3 f4 48. Bd4 Rd2 49. c6 Rxd4 50. Rc1 Rc4 51. Rxc4 dxc4 52. c7 1-0

[Event "Titled Tuesday 2024.10.22 Late"]
[Site "chess.com INT"]
[Date "2024.10.22"]
[Round "10"]
[White "Metin, Enis"]
[Black "Mendes, Aaron Reeve"]
[Result "0-1"]
[WhiteElo "2013"]
[BlackElo "2320"]
[PlyCount "78"]
[GameId "2129405225240817"]
[EventDate "2024.10.22"]
[EventType "swiss (blitz)"]
[EventRounds "11"]
[EventCountry "NET"]
[SourceTitle "The Week in Chess 1564"]
[Source "Mark Crowther"]
[SourceDate "2024.10.28"]
[SourceVersion "1"]
[SourceVersionDate "2024.10.28"]
[SourceQuality "2"]

1. e4 c5 2. Nf3 d6 3. d4 cxd4 4. Nxd4 Nf6 5. Nc3 a6 6. Bg5 e6 7. f4 Be7 8. Qf3 Qc7 9. O-O-O Nbd7 10. g4 h6 11. Bxf6 Bxf6 12. Kb1 Nb6 13. h4 Bd7 14. g5 Bxd4 15. Rxd4 Qc5 16. Qd1 hxg5 17. fxg5 Ke7 18. Be2 Bc6 19. Qd2 Rad8 20. h5 d5 21. e5 Rdf8 22. Rf1 Nd7 23. h6 gxh6 24. gxh6 Nxe5 25. Qg5+ f6 26. Qg7+ Kd8 27. Rxf6 Rfg8 28. Rf8+ Qxf8 29. Qxe5 Qe7 30. a4 Kd7 31. Ne4 Rxh6 32. Nc5+ Qxc5 33. b3 Rh1+ 34. Kb2 Qd6 35. Qf6 Qe7 36. Qe5 Qg7 37. Qe3 Rh4 38. c3 Rxd4 39. cxd4 Qg5 0-1

[Event "Titled Tuesday 2024.10.22 Late"]
[Site "chess.com INT"]
[Date "2024.10.22"]
[Round "11"]
[White "Mendes, Aaron Reeve"]
[Black "Kosakowski, Jakub"]
[Result "0-1"]
[WhiteElo "2320"]
[BlackElo "2516"]
[PlyCount "66"]
[GameId "2129405225240919"]
[EventDate "2024.10.22"]
[EventType "swiss (blitz)"]
[EventRounds "11"]
[EventCountry "NET"]
[SourceTitle "The Week in Chess 1564"]
[Source "Mark Crowther"]
[SourceDate "2024.10.28"]
[SourceVersion "1"]
[SourceVersionDate "2024.10.28"]
[SourceQuality "2"]

1. e4 c5 2. Nf3 d6 3. d4 cxd4 4. Nxd4 Nf6 5. Nc3 a6 6. Be3 e5 7. Nb3 Be6 8. f3 Be7 9. Qd2 O-O 10. O-O-O Nbd7 11. g4 b5 12. Kb1 b4 13. Nd5 Bxd5 14. exd5 Nb6 15. Bxb6 Qxb6 16. g5 Nd7 17. h4 a5 18. Bh3 Qc7 19. h5 a4 20. Nc1 Nb6 21. g6 Nc4 22. Qd3 a3 23. gxf7+ Kh8 24. Qg6 hxg6 25. hxg6 Bg5 26. Be6+ Bh6 27. f4 axb2 28. Rd3 bxc1=Q+ 29. Kxc1 Rxa2 30. Rxh6+ gxh6 31. g7+ Kxg7 32. Rg3+ Kf6 33. Rg8 Ra1# 0-1

[Event "Titled Tuesday 2024.10.29 Late"]
[Site "chess.com INT"]
[Date "2024.10.29"]
[Round "1"]
[White "Mendes, Aaron Reeve"]
[Black "Le Goff, R."]
[Result "1-0"]
[WhiteElo "2320"]
[BlackElo "2245"]
[PlyCount "97"]
[GameId "2129405225371554"]
[EventDate "2024.10.29"]
[EventType "swiss (blitz)"]
[EventRounds "11"]
[EventCountry "NET"]
[SourceTitle "The Week in Chess 1565"]
[Source "Mark Crowther"]
[SourceDate "2024.11.04"]
[SourceVersion "1"]
[SourceVersionDate "2024.11.04"]
[SourceQuality "2"]

1. e4 e5 2. Nf3 Nc6 3. d4 exd4 4. Nxd4 Nf6 5. Nxc6 bxc6 6. Nd2 d5 7. exd5 cxd5 8. Bb5+ Bd7 9. Bxd7+ Qxd7 10. O-O Be7 11. b3 O-O 12. Bb2 Rad8 13. Re1 Rfe8 14. Qf3 c6 15. h3 Bb4 16. c3 Bc5 17. Rad1 Qc7 18. b4 Bb6 19. c4 dxc4 20. Nxc4 Nd5 21. a3 Qf4 22. Qxf4 Nxf4 23. Rxd8 Rxd8 24. g3 Nxh3+ 25. Kg2 Ng5 26. Re7 h6 27. a4 Bd4 28. Bc1 Ne6 29. Be3 Bc3 30. b5 cxb5 31. axb5 Rb8 32. Rxa7 Rxb5 33. Nd6 Rb2 34. Ra8+ Kh7 35. Nxf7 Bd4 36. Ra3 Bxe3 37. Rxe3 Ng5 38. Nd6 Rd2 39. Nf5 Rd7 40. g4 g6 41. Nh4 Nf7 42. f4 g5 43. fxg5 hxg5 44. Nf5 Nh6 45. Rh3 Rd2+ 46. Kf1 Rd1+ 47. Ke2 Rg1 48. Rxh6+ Kg8 49. Kf3 1-0

[Event "Titled Tuesday 2024.10.29 Late"]
[Site "chess.com INT"]
[Date "2024.10.29"]
[Round "2"]
[White "Montoliu Cervero, F."]
[Black "Mendes, Aaron Reeve"]
[Result "1-0"]
[WhiteElo "2386"]
[BlackElo "2320"]
[PlyCount "121"]
[GameId "2129405225379973"]
[EventDate "2024.10.29"]
[EventType "swiss (blitz)"]
[EventRounds "11"]
[EventCountry "NET"]
[SourceTitle "The Week in Chess 1565"]
[Source "Mark Crowther"]
[SourceDate "2024.11.04"]
[SourceVersion "1"]
[SourceVersionDate "2024.11.04"]
[SourceQuality "2"]

1. e4 c5 2. Nf3 d6 3. d4 cxd4 4. Nxd4 Nf6 5. Nc3 a6 6. Be3 e5 7. Nb3 Be6 8. f3 Be7 9. Qd2 h5 10. Nd5 Nxd5 11. exd5 Bf5 12. c4 Nd7 13. Na5 Qc7 14. Be2 Rc8 15. O-O O-O 16. b4 Nb8 17. Rac1 b6 18. Nb3 Nd7 19. Rfd1 Bg6 20. c5 bxc5 21. bxc5 f5 22. cxd6 Qxd6 23. Rc6 Rxc6 24. dxc6 Qxd2 25. Rxd2 Nf6 26. Bxa6 Bf7 27. c7 Be6 28. Bc5 Kf7 29. Bxe7 Kxe7 30. Nc5 Bc8 31. Bb5 e4 32. Kf2 g5 33. a4 f4 34. Nxe4 Nxe4+ 35. fxe4 Be6 36. a5 Rc8 37. Rc2 Ra8 38. a6 Bc8 39. Be2 Kd6 40. Bxh5 Rxa6 41. Be2 Ra7 42. Rc3 Rxc7 43. Rxc7 Kxc7 44. Kf3 Kd6 45. h4 Ke5 46. hxg5 Be6 47. Bd3 Bf7 48. Bc2 Bh5+ 49. Kf2 Bg6 50. Ke2 Kd4 51. Kf3 Ke5 52. Kg4 Bf7 53. Bb1 Be8 54. Bc2 Bf7 55. Ba4 Kxe4 56. g6 Bxg6 57. Bc2+ Ke3 58. Bxg6 Kf2 59. Be4 Ke3 60. Bb7 f3 61. gxf3 1-0

[Event "Titled Tuesday 2024.10.29 Late"]
[Site "chess.com INT"]
[Date "2024.10.29"]
[Round "3"]
[White "Mendes, Aaron Reeve"]
[Black "Reprintsev, A."]
[Result "1-0"]
[WhiteElo "2320"]
[BlackElo "2230"]
[PlyCount "53"]
[GameId "2129405225380086"]
[EventDate "2024.10.29"]
[EventType "swiss (blitz)"]
[EventRounds "11"]
[EventCountry "NET"]
[SourceTitle "The Week in Chess 1565"]
[Source "Mark Crowther"]
[SourceDate "2024.11.04"]
[SourceVersion "1"]
[SourceVersionDate "2024.11.04"]
[SourceQuality "2"]

1. e4 d5 2. exd5 Qxd5 3. Nc3 Qa5 4. d4 Nf6 5. Nf3 Nc6 6. a3 Ne4 7. Bd3 Nxc3 8. bxc3 Bg4 9. Bd2 Qh5 10. Be2 e6 11. h3 Bd6 12. Qb1 O-O-O 13. O-O Bxh3 14. gxh3 Qxh3 15. Qb5 e5 16. Ng5 Qf5 17. Qd3 Qf6 18. Rab1 exd4 19. Qh3+ Kb8 20. Qg2 Rhe8 21. Bf3 Ne5 22. Rxb7+ Kc8 23. Rfb1 Nxf3+ 24. Nxf3 Re6 25. Bg5 Qf5 26. Rb8+ Kd7 27. Rxd8+ 1-0

[Event "Titled Tuesday 2024.10.29 Late"]
[Site "chess.com INT"]
[Date "2024.10.29"]
[Round "4"]
[White "Setumadhav, Yellumahanthi"]
[Black "Mendes, Aaron Reeve"]
[Result "0-1"]
[WhiteElo "2341"]
[BlackElo "2320"]
[PlyCount "58"]
[GameId "2129405225380256"]
[EventDate "2024.10.29"]
[EventType "swiss (blitz)"]
[EventRounds "11"]
[EventCountry "NET"]
[SourceTitle "The Week in Chess 1565"]
[Source "Mark Crowther"]
[SourceDate "2024.11.04"]
[SourceVersion "1"]
[SourceVersionDate "2024.11.04"]
[SourceQuality "2"]

1. e4 c5 2. Nf3 d6 3. d4 cxd4 4. Nxd4 Nf6 5. Nc3 a6 6. Bg5 e6 7. f4 Be7 8. Qf3 Qc7 9. O-O-O Nbd7 10. f5 Ne5 11. Qh3 Nfg4 12. Bxe7 Qxe7 13. Qg3 Qg5+ 14. Kb1 Qe3 15. Qxe3 Nxe3 16. Re1 Nxf1 17. Rhxf1 Bd7 18. h3 O-O 19. g4 b5 20. Nce2 Rac8 21. b3 a5 22. Nf4 Rfe8 23. Rd1 a4 24. Nf3 Bc6 25. fxe6 fxe6 26. Ng5 h6 27. Ngxe6 Bxe4 28. Rxd6 Rxc2 29. Ka1 axb3 0-1

[Event "Titled Tuesday 2024.10.29 Late"]
[Site "chess.com INT"]
[Date "2024.10.29"]
[Round "5"]
[White "Mendes, Aaron Reeve"]
[Black "Rodriguez Fontecha, M."]
[Result "1-0"]
[WhiteElo "2320"]
[BlackElo "2278"]
[PlyCount "75"]
[GameId "2129405225380500"]
[EventDate "2024.10.29"]
[EventType "swiss (blitz)"]
[EventRounds "11"]
[EventCountry "NET"]
[SourceTitle "The Week in Chess 1565"]
[Source "Mark Crowther"]
[SourceDate "2024.11.04"]
[SourceVersion "1"]
[SourceVersionDate "2024.11.04"]
[SourceQuality "2"]

1. e4 e6 2. Nf3 d5 3. Nc3 dxe4 4. Nxe4 Nf6 5. Nxf6+ Qxf6 6. d4 h6 7. Bd3 c5 8. c3 Nc6 9. Be3 cxd4 10. Nxd4 Bd7 11. Qe2 Be7 12. h4 O-O-O 13. O-O-O Kb8 14. g3 Rc8 15. Nxc6+ Bxc6 16. Bf4+ Ka8 17. Rhe1 Bc5 18. Rd2 Rhd8 19. Red1 Bd5 20. Kb1 g5 21. hxg5 hxg5 22. Qe5 Qxe5 23. Bxe5 Bf3 24. Be2 Rxd2 25. Rxd2 Be4+ 26. Ka1 Bxf2 27. Bh5 Bb6 28. Bf6 Bd5 29. b3 a5 30. c4 Bc6 31. Bxg5 Rg8 32. Bf4 Bd8 33. Bxf7 Rf8 34. Bxe6 Bf6+ 35. Kb1 Be4+ 36. Kc1 Bc3 37. Re2 Bf3 38. Re3 1-0

[Event "Titled Tuesday 2024.10.29 Late"]
[Site "chess.com INT"]
[Date "2024.10.29"]
[Round "6"]
[White "Harsha, B."]
[Black "Mendes, Aaron Reeve"]
[Result "0-1"]
[WhiteElo "2542"]
[BlackElo "2320"]
[PlyCount "94"]
[GameId "2129405225380663"]
[EventDate "2024.10.29"]
[EventType "swiss (blitz)"]
[EventRounds "11"]
[EventCountry "NET"]
[SourceTitle "The Week in Chess 1565"]
[Source "Mark Crowther"]
[SourceDate "2024.11.04"]
[SourceVersion "1"]
[SourceVersionDate "2024.11.04"]
[SourceQuality "2"]

1. Nf3 d5 2. g3 Nd7 3. Bg2 e5 4. O-O Ngf6 5. d3 Bd6 6. Qe1 O-O 7. e4 c6 8. Nc3 d4 9. Ne2 Re8 10. Nh4 Nf8 11. h3 Ng6 12. Nf5 Bxf5 13. exf5 Ne7 14. g4 Ned5 15. Ng3 Nf4 16. Ne4 N6d5 17. Qd1 g6 18. fxg6 hxg6 19. g5 Be7 20. Qg4 Kg7 21. Bd2 Rh8 22. h4 Rh7 23. c4 dxc3 24. Nxc3 Qh8 25. Nxd5 Rxh4 26. Qxf4 Rxf4 27. Nxf4 exf4 28. Bc3+ f6 29. Rfe1 Bd8 30. Re6 Qh5 31. gxf6+ Kf7 32. Re5 Qg4 33. f3 Qh4 34. Rae1 Bxf6 35. R5e4 Bxc3 36. bxc3 Rd8 37. d4 c5 38. dxc5 Rd2 39. R4e2 Rxe2 40. Rxe2 Qd8 41. Re4 Qc7 42. Rc4 b5 43. Rd4 Qxc5 44. Kh2 g5 45. Rd3 Kf6 46. Kh3 Qf5+ 47. Kh2 Qxd3 0-1

[Event "Titled Tuesday 2024.10.29 Late"]
[Site "chess.com INT"]
[Date "2024.10.29"]
[Round "7"]
[White "Hong, Andrew"]
[Black "Mendes, Aaron Reeve"]
[Result "1-0"]
[WhiteElo "2572"]
[BlackElo "2320"]
[PlyCount "47"]
[GameId "2129405225380767"]
[EventDate "2024.10.29"]
[EventType "swiss (blitz)"]
[EventRounds "11"]
[EventCountry "NET"]
[SourceTitle "The Week in Chess 1565"]
[Source "Mark Crowther"]
[SourceDate "2024.11.04"]
[SourceVersion "1"]
[SourceVersionDate "2024.11.04"]
[SourceQuality "2"]

1. d4 Nf6 2. Nc3 d5 3. Bf4 a6 4. e3 e6 5. g4 c5 6. g5 Nfd7 7. Nf3 Nc6 8. h4 b5 9. h5 Qb6 10. Bh3 cxd4 11. exd4 Bb4 12. Kf1 Bxc3 13. bxc3 g6 14. Bg4 Rg8 15. Qe2 b4 16. hxg6 hxg6 17. Bxe6 fxe6 18. Qxe6+ Ne7 19. Bd6 Qb5+ 20. Kg2 Rg7 21. Rh8+ Nf8 22. Qf6 Rf7 23. Rxf8+ Rxf8 24. Qxe7# 1-0

[Event "Titled Tuesday 2024.10.29 Late"]
[Site "chess.com INT"]
[Date "2024.10.29"]
[Round "8"]
[White "Mendes, Aaron Reeve"]
[Black "Yeletsky, Ivan"]
[Result "1-0"]
[WhiteElo "2320"]
[BlackElo "2469"]
[PlyCount "85"]
[GameId "2129405225381027"]
[EventDate "2024.10.29"]
[EventType "swiss (blitz)"]
[EventRounds "11"]
[EventCountry "NET"]
[SourceTitle "The Week in Chess 1565"]
[Source "Mark Crowther"]
[SourceDate "2024.11.04"]
[SourceVersion "1"]
[SourceVersionDate "2024.11.04"]
[SourceQuality "2"]

1. e4 c5 2. Nf3 d6 3. d4 cxd4 4. Nxd4 Nf6 5. Nc3 a6 6. Be2 e5 7. Nb3 Be7 8. O-O O-O 9. Be3 Be6 10. Re1 Nbd7 11. Bf3 h6 12. h3 Rc8 13. Qd2 Nb6 14. Na5 Qc7 15. Rad1 Rfd8 16. Qc1 Nbd7 17. Nb3 Nf8 18. Rd2 g5 19. Red1 Ng6 20. Kh2 d5 21. exd5 e4+ 22. g3 Bxh3 23. Nxe4 Ne5 24. Kxh3 Nxf3 25. d6 Qd7+ 26. Kg2 Nxe4 27. dxe7 Nh4+ 28. Kh2 Nf3+ 29. Kg2 Nexd2 30. exd8=Q+ Rxd8 31. Nxd2 Qd5 32. Kf1 Nh2+ 33. Ke2 Qf5 34. Rh1 Ng4 35. Qe1 Qb5+ 36. c4 Qf5 37. Qd1 Qd3+ 38. Ke1 Nxe3 39. fxe3 Re8 40. Nf1 Qxc4 41. Rxh6 Qe4 42. Qd2 Qxe3+ 43. Qxe3 1-0